书目信息 |
| 题名: |
拉丁语基础
|
|
| 作者: | 肖原 编著 | |
| 分册: | ||
| 出版信息: | 北京 商务印书馆 1983 |
|
| 页数: | 524页 | |
| 开本: | 21cm | |
| 丛书名: | ||
| 单 册: | ||
| 中图分类: | H771 | |
| 科图分类: | ||
| 主题词: | 拉丁语 | |
| 电子资源: | ||
| ISBN: | ||
| 000 | 00594nam0 2200241 45 | |
| 001 | 0183007000 | |
| 005 | 20040510080450.3 | |
| 010 | @dCNY2.10 | |
| 091 | @a9017.1217 | |
| 100 | @a19950621d1983 em y0chiy0121 ea | |
| 101 | 0 | @achi |
| 102 | @aCN@b110000 | |
| 105 | @ay z 000yy | |
| 106 | @ar | |
| 200 | 10 | @a拉丁语基础@Ala ding yu ji chu@f肖原编著 |
| 210 | @a北京@c商务印书馆@d1983 | |
| 215 | @a524页@d21cm | |
| 606 | @a拉丁语 | |
| 690 | @aH771@v3 | |
| 701 | 0 | @a肖原@Axiao yuan@4编著 |
| 801 | 0 | @aCN@b上海图书馆@c20040510 |
| 801 | 2 | @aCN@bNLC@c20040510 |
| 905 | @f1@b178437@dH771@e4 | |
| 拉丁语基础/肖原编著.-北京:商务印书馆,1983 |
| 524页;21cm |
| ISBN :CNY2.10 |
| ● |
| 相关链接 |
|
|
|
|
正题名:拉丁语基础
索取号:H771/4
 
预约/预借
| 序号 | 登录号 | 条形码 | 馆藏地/架位号 | 状态 | 备注 |
| 1 | 0178437 | 001168998 | 第四借阅区/ [索取号:H771/4] | 在馆 | |
| 2 | 0178438 | 001168961 | 第二样本阅览室/ [索取号:H771/4] | 在馆 |